000
00321nam a22001457a 4500
020
_a
978-8121925242
041
_a
ENG
100
_a
Khurmi .R.S
245
_a
Theory of Machines
260
_a
Delhi
_b
Eurasia Publishing House
_c
1976
300
_a
1071
650
_a
FMP
700
_a
J.K Gupta
856
_u
FMP ( 16 )
999
_c
1377
_d
1377